000 00279cam a22000977a 4500
008 180718b1967 xxu||||| |||| 00| 0 eng d
082 _aI513 x541 A24
245 _aO. & M. Hand - book
_cBy Govt.of Andhra Pradesh
260 _aHyderabad
_bGovt.of Andhra Pradesh
_c1967
300 _a78p.
999 _c416660
_d416660